000 00426cam a22001337a 4500
008 180718b1987 xxu||||| |||| 00| 0 eng d
082 _aG93x54 En23
245 _aShah Bano controversy
_cedited by Asghar Ali Engineer
260 _aBombay
_bOrient Longman
_c1987
300 _a242p.
650 _aSupport (Domestic relations law, Islamic) --India
650 _aDesertion and non-support --India
700 _aEngineer, Asghar Ali
999 _c344295
_d344295